|
|
|
|
| LEADER |
01218nam a2200349 4500 |
| 001 |
000009527 |
| 003 |
5724 |
| 005 |
20111028141017.0 |
| 008 |
111028s2002 viesd |
| 020 |
|
|
|c 30000đ
|
| 041 |
0 |
|
|a vie
|
| 082 |
|
|
|a 781.45
|b XU-T
|
| 100 |
0 |
|
|a Xuân Tứ
|e Tác giả
|
| 245 |
1 |
0 |
|a Hướng dẫn dạy và học đàn Organ
|c Xuân Tứ
|n T.2
|p Hướng dẫn dạy và học đàn Organ
|
| 260 |
|
|
|a H.
|b Âm nhạc - Trường Cao đẳng Sư phạm nhạc họa Trung ương
|c 2002
|
| 300 |
|
|
|a 180 tr.
|c 28 cm
|
| 653 |
|
|
|a Sách hướng dẫn
|
| 653 |
|
|
|a Dạy và học
|
| 653 |
|
|
|a Đàn Organ
|
| 700 |
|
|
|a Xuân Tứ
|e Tác giả
|
| 773 |
|
|
|t Hướng dẫn dạy và học đàn Organ
|w 5723
|
| 910 |
|
|
|a duyên
|
| OWN |
|
|
|a LSP
|
| AVA |
|
|
|a UDN50
|b LSP
|d 781.45 XU-T
|e available
|t Error 5001 Not defined in file expand_doc_bib_avail.
|f 2
|g 0
|h N
|i 0
|k 1
|
| 999 |
|
|
|a From the UDN01
|
| AVA |
|
|
|a UDN50
|b LSP
|d 781.45 XU-T
|e available
|t Error 5001 Not defined in file expand_doc_bib_avail.
|f 2
|g 0
|h N
|i 0
|k 1
|
| TYP |
|
|
|a Monograph
|
| TYP |
|
|
|a Printed language
|
| 980 |
|
|
|a Mạng thư viện Đại học Đà Nẵng
|